| 000 | 00566nam a2200205Ia 4500 | ||
|---|---|---|---|
| 003 | OSt | ||
| 005 | 20250811104859.0 | ||
| 020 | _a9814-12-67-678-0 | ||
| 040 | _cLC | ||
| 050 |
_aTK 5105 .F 577 2001 _b1 |
||
| 100 | _aFITZGERALD, JERRY | ||
| 245 | 0 | _aBUSINESS DATA COMMUNICATIONS AND NETWORKING | |
| 250 | _a7 | ||
| 260 |
_aNEW YORK, _bJOHN WILEY & SONS, _c2001, |
||
| 300 | _aXiV, 457 P, ILL | ||
| 500 | _aINCLUDES INDEX | ||
| 650 | _aData transmission systems, Computer networks, Office practice--Automation | ||
| 700 | _aDENNIS ALAN | ||
| 942 |
_cSL _2lcc _n0 |
||
| 999 |
_c204628 _d204628 |
||